000 00532nam a22001937a 4500
003 UA-OsUOA
001 33979
007 ta
008 20050919b un ||||| |||| 00| 0 ukr d
942 _cMG
040 _aUA-OsUOA
_bukr
_cUA-OsUOA
_dUA-OsUOA
245 _aРозбудова менеджмент-освіти в Україні
_cРед. колегія Бохняж З., Каніщенко Г.
300 _a110 с.
955 _a2
041 _aukr
260 _aК.
_c2001
246 3 1 _aПрограма дій
_n
650 7 _2UDC
999 _c320438
_d320438